One Piece- Devil Fruits Quiz Stats

 Plays Quiz not verified by Sporcle

Score 0/116 Timer 10:00
0 Plays Today
Type Devil Fruit % Correct
ParameciaGomu Gomu no Mi
98.5%
LogiaMera Mera no Mi
91.8%
LogiaMera Mera no Mi
91.6%
ZoanHito Hito no Mi
91.5%
ParameciaHana Hana no Mi
89.3%
LogiaSuna Suna no Mi
88.9%
LogiaMoku Moku no Mi
88.6%
ParameciaBara Bara no Mi
88.3%
LogiaHie Hie no Mi
88.1%
ParameciaMero Mero no Mi
88%
LogiaPika Pika no Mi
88%
LogiaYami Yami no Mi
87.9%
ParameciaKage Kage no Mi
84.4%
ParameciaGura Gura no Mi
83.1%
ParameciaDoru Doru no Mi
83%
ParameciaYomi Yomi no Mi
82.9%
ParameciaGura Gura no Mi
82.7%
LogiaMagu Magu no Mi
82.3%
ParameciaSube Sube no Mi
82%
ParameciaBane Bane no Mi
81.8%
ParameciaOpe Ope no Mi
81.8%
ParameciaDoku Doku no Mi
81.3%
LogiaGoro Goro no Mi
81.2%
ParameciaNoro Noro no Mi
81.1%
ParameciaAwa Awa no Mi
81%
ParameciaKilo Kilo no Mi
81%
ParameciaIto Ito no Mi
80.2%
ZoanUshi Ushi no Mi, Model: Giraffe
79.5%
ParameciaBomu Bomu no Mi
79.5%
LogiaGasu Gasu no Mi
79.3%
ParameciaDoa Doa no Mi
79.3%
ParameciaNikyu Nikyu no Mi
79.1%
ZoanNeko Neko no Mi, Model: Leopard
76.2%
LogiaYuki Yuki no Mi
75.9%
ParameciaSuke Suke no Mi
75.3%
ZoanInu Inu no Mi, Model: Wolf
74.1%
ParameciaHoru Horu no Mi
73.6%
ParameciaSuke Suke no Mi
73.1%
ParameciaHoro Horo no Mi
72.7%
Type Devil Fruit % Correct
ParameciaBari Bari no Mi
71.1%
ZoanMogu Mogu no Mi
71%
ZoanTori Tori no Mi, Model: Phoenix
70.5%
ParameciaSoru Soru no Mi
70.5%
ParameciaToge Toge no Mi
70.4%
ParameciaSupa Supa no Mi
70.3%
ZoanZou Zou no Mi
69.5%
ZoanHito Hito no Mi, Model: Daibutsu
69.4%
ParameciaBuki Buki no Mi
69%
ParameciaIshi Ishi no Mi
68.6%
ParameciaSui Sui no Mi
68.2%
LogiaNuma Numa no Mi
68%
ParameciaChoki Choki no Mi
67.5%
ZoanTori Tori no Mi, Model: Falcon
67.4%
ParameciaBaku Baku no Mi
66.8%
ParameciaOri Ori no Mi
66.7%
ZoanHebi Hebi no Mi, Model: King Cobra
66.4%
ParameciaHobi Hobi no Mi
66.1%
ParameciaMane Mane no Mi
65.8%
ParameciaMochi Mochi no Mi
65.3%
ParameciaZushi Zushi no Mi
65.1%
ParameciaShiro Shiro no Mi
64.7%
ParameciaTon Ton no Mi
62.8%
ZoanHebi Hebi no Mi, Model: Anaconda
60.8%
ParameciaNetsu Netsu no Mi
60.7%
ParameciaMira Mira no Mi
59.1%
ParameciaKira Kira no Mi
58.7%
ZoanUma Uma no Mi
58.4%
ParameciaFuwa Fuwa no Mi
58%
ParameciaMemo Memo no Mi
57.9%
ZoanKame Kame no Mi
57.5%
ParameciaChiyu Chiyu no Mi
57.1%
ParameciaMato Mato no Mi
56.7%
ParameciaPero Pero no Mi
55.8%
ParameciaBisu Bisu no Mi
55.6%
ParameciaTama Tama no Mi
55.6%
ZoanUshi Ushi no Mi, Model: Bison
55.6%
ParameciaBeri Beri no Mi
55.3%
ParameciaBeta Beta no Mi
55.3%
Type Devil Fruit % Correct
ParameciaNagi Nagi no Mi
55.2%
ZoanZou Zou no Mi, Model: Mammoth
55.2%
ParameciaWara Wara no Mi
53.1%
ParameciaSabi Sabi no Mi
52.9%
ParameciaWoshu Woshu no Mi
52.2%
ZoanInu Inu no Mi, Model: Jackal
52.2%
ParameciaJake Jake no Mi
51.2%
ParameciaHira Hira no Mi
51%
ParameciaAto Ato no Mi
50.6%
ParameciaGuru Guru no Mi
49.9%
ParameciaBuku Buku no Mi
49.8%
ParameciaFuku Fuku no Mi
48.6%
ParameciaNui Nui no Mi
46.4%
ParameciaHoya Hoya no Mi
45.4%
ParameciaGiro Giro no Mi
43.3%
ParameciaKuri Kuri no Mi
43.3%
ParameciaKuku Kuku no Mi
41.6%
ParameciaToki Toki no Mi
40.4%
ZoanMushi Mushi no Mi, Model: Suzumebachi
40.2%
ZoanInu Inu no Mi, Model: Dachshund
38.8%
ParameciaShari Shari no Mi
37.8%
ParameciaShibo Shibo no Mi
36.8%
ZoanSara Sara no Mi, Model: Axolotl
36.2%
ZoanMushi Mushi no Mi, Model: Kabutomushi
36%
ParameciaPamu Pamu no Mi
35.5%
ZoanInu Inu no Mi, Model: Nine-Tailed Fox
34.1%
ParameciaBata Bata no Mi
32.9%
ParameciaKobu Kobu no Mi
32%
ZoanRyu Ryu no Mi, Model: Brachiosaurus
28.8%
ZoanHebi Hebi no Mi, Model: Yamata no Orochi
28.1%
ZoanRyu Ryu no Mi, Model: Allosaurus
26.7%
ZoanTori Tori no Mi, Model: Albatross
25.9%
ParameciaOshi Oshi no Mi
24.6%
ZoanRyu Ryu no Mi, Model: Pteranodon
24.1%
ParameciaJuku Juku no Mi
24%
ZoanRyu Ryu no Mi, Model: Spinosaurus
23.8%
ZoanInu Inu no Mi, Model: Tanuki
18.8%
ParameciaGocha Gocha no Mi
18.5%

You're not logged in!

Compare scores with friends on all Sporcle quizzes.
OR
Log In

You Might Also Like...

Show Comments

Extras

Created Mar 31, 2012SourceReportNominate
Tags:Devil Fruit, One Piece

Top Quizzes Today


Score Distribution

Your Account Isn't Verified!

In order to create a playlist on Sporcle, you need to verify the email address you used during registration. Go to your Sporcle Settings to finish the process.

Report this User

Report this user for behavior that violates our Community Guidelines.

Details: